<?xml version="1.0" encoding="UTF-8"?>
<record
    xmlns:xsi="http://www.w3.org/2001/XMLSchema-instance"
    xsi:schemaLocation="http://www.loc.gov/MARC21/slim http://www.loc.gov/standards/marcxml/schema/MARC21slim.xsd"
    xmlns="http://www.loc.gov/MARC21/slim">

  <leader>02460nam a2200349 a 4500</leader>
  <controlfield tag="003">CHAP</controlfield>
  <controlfield tag="005">20240902133323.0</controlfield>
  <controlfield tag="007">ta</controlfield>
  <controlfield tag="008">240829s2019    mx abd|fr|||| 001 0 spa d</controlfield>
  <datafield tag="020" ind1=" " ind2=" ">
    <subfield code="a"> 978-607-17-3577-5</subfield>
  </datafield>
  <datafield tag="040" ind1=" " ind2=" ">
    <subfield code="a">Z</subfield>
    <subfield code="c">CHAP</subfield>
    <subfield code="e">rda</subfield>
  </datafield>
  <datafield tag="041" ind1="0" ind2=" ">
    <subfield code="b">Espa&#xF1;ol</subfield>
    <subfield code="f">Espa&#xF1;ol</subfield>
  </datafield>
  <datafield tag="082" ind1="0" ind2="0">
    <subfield code="a">631.4</subfield>
    <subfield code="b">O78 2019</subfield>
    <subfield code="2">20</subfield>
  </datafield>
  <datafield tag="100" ind1="1" ind2=" ">
    <subfield code="a">Ortiz Solorio, Carlos Alberto</subfield>
    <subfield code="9">84067</subfield>
    <subfield code="e">autor</subfield>
  </datafield>
  <datafield tag="245" ind1="1" ind2="0">
    <subfield code="a">Edafolog&#xED;a /</subfield>
    <subfield code="b">Carlos Alberto Ortiz Solorio</subfield>
  </datafield>
  <datafield tag="264" ind1=" " ind2="1">
    <subfield code="a">Ciudad de M&#xE9;xico :</subfield>
    <subfield code="b">Trillas,</subfield>
    <subfield code="c">2019</subfield>
  </datafield>
  <datafield tag="300" ind1=" " ind2=" ">
    <subfield code="a">399 p&#xE1;ginas: </subfield>
    <subfield code="b">ilustraciones, mapas, tablas, gr&#xE1;ficas</subfield>
  </datafield>
  <datafield tag="336" ind1=" " ind2=" ">
    <subfield code="2">rdacontent</subfield>
    <subfield code="a">texto</subfield>
    <subfield code="b">txt</subfield>
  </datafield>
  <datafield tag="337" ind1=" " ind2=" ">
    <subfield code="2">rdamedia</subfield>
    <subfield code="a">sin medio</subfield>
    <subfield code="b">n</subfield>
  </datafield>
  <datafield tag="338" ind1=" " ind2=" ">
    <subfield code="2">rdacarrier</subfield>
    <subfield code="a">volumen</subfield>
    <subfield code="b">nc</subfield>
  </datafield>
  <datafield tag="500" ind1=" " ind2=" ">
    <subfield code="a">ej.1: consumo</subfield>
  </datafield>
  <datafield tag="504" ind1=" " ind2=" ">
    <subfield code="a">Bibliograf&#xED;a: p&#xE1;ginas 377 - 386</subfield>
  </datafield>
  <datafield tag="505" ind1="0" ind2="0">
    <subfield code="g">Cap. 1. La ciencia del suelo -- Cap. 2. Formaci&#xF3;n del suelo y su morfolog&#xED;a -- Cap. 3. Rocas y minerales -- Cap. 4. Arquitectura y propiedades f&#xED;sicas del suelo -- Cap. 5. Agua y atm&#xF3;sfera del suelo -- Cap. 6. Materia org&#xE1;nica del suelo -- Cap. 7. Organismos del suelo -- Cap. 8. Intercambio i&#xF3;nico en los suelos -- Cap. 9. Reacci&#xF3;n del suelo -- Cap. 10. Clasificaci&#xF3;n de suelos -- Cap. 11. Estudios de suelos -- Cap. 12. El recurso y su importancia -- Cap. 13. El conocimiento del suelo y el desarrollo de las plantas -- Cap. 14. Etnoedafolog&#xED;a -- Ap&#xE9;ndice -- Bibliograf&#xED;a -- &#xCD;ndice Onom&#xE1;stico -- &#xCD;ndice Anal&#xED;tico</subfield>
  </datafield>
  <datafield tag="520" ind1=" " ind2=" ">
    <subfield code="a">El suelo es uno de los recursos naturales m&#xE1;s significativos en la vida del hombre porque de &#xE9;l obtiene sus alimentos, las fibras para sus vestidos y los productos que se convertir&#xE1;n en sus medicinas. Para determinar c&#xF3;mo se forma un suelo, cu&#xE1;l es su composici&#xF3;n, qu&#xE9; propiedades tiene y los organismos que en &#xE9;l  se desarrollan existe una disciplina que se denomina Edafolog&#xED;a o Ciencia del suelo, por medio  de la cual es posible establecer, por ejemplo, su capacidad de uso, aptitud del riego o nivel de fertilidad. En esta obra el autor expone c&#xF3;mo se origina dicha ciencia, sus caracter&#xED;sticas m&#xE1;s relevantes, las clasificaciones cient&#xED;ficas que emplea, as&#xED; como el conocimiento tradicional con el que tambi&#xE9;n es posible estudiarla.</subfield>
  </datafield>
  <datafield tag="534" ind1=" " ind2=" ">
    <subfield code="p">T&#xED;tulo original:</subfield>
  </datafield>
  <datafield tag="650" ind1="1" ind2="3">
    <subfield code="a">Ciencia del suelo</subfield>
    <subfield code="9">189497</subfield>
  </datafield>
  <datafield tag="650" ind1="1" ind2="3">
    <subfield code="a">An&#xE1;lisis del suelo</subfield>
    <subfield code="9">189498</subfield>
  </datafield>
  <datafield tag="650" ind1="1" ind2="3">
    <subfield code="a">F&#xED;sica del suelo</subfield>
    <subfield code="9">140215</subfield>
  </datafield>
  <datafield tag="650" ind1="1" ind2="3">
    <subfield code="a">Propiedades biol&#xF3;gicas del suelo  </subfield>
    <subfield code="9">162542</subfield>
  </datafield>
  <datafield tag="650" ind1="1" ind2="7">
    <subfield code="a">Suelos</subfield>
    <subfield code="9">110191</subfield>
    <subfield code="x">Clasificaci&#xF3;n</subfield>
  </datafield>
  <datafield tag="942" ind1=" " ind2=" ">
    <subfield code="2">ddc</subfield>
    <subfield code="c">LIBRO</subfield>
  </datafield>
  <datafield tag="999" ind1=" " ind2=" ">
    <subfield code="c">220119</subfield>
    <subfield code="d">220119</subfield>
  </datafield>
  <datafield tag="952" ind1=" " ind2=" ">
    <subfield code="0">0</subfield>
    <subfield code="1">0</subfield>
    <subfield code="2">ddc</subfield>
    <subfield code="4">0</subfield>
    <subfield code="5">1</subfield>
    <subfield code="7">0</subfield>
    <subfield code="8">GRAL</subfield>
    <subfield code="a">Z</subfield>
    <subfield code="b">Z</subfield>
    <subfield code="d">2022-11-24</subfield>
    <subfield code="e">Compra  Directa con proveedor Factura n. C79844DC6190</subfield>
    <subfield code="i">Consumo</subfield>
    <subfield code="l">0</subfield>
    <subfield code="o">631.4  O78 2019</subfield>
    <subfield code="p">5102007455</subfield>
    <subfield code="r">2024-08-29 11:25:24</subfield>
    <subfield code="t">Ej.1</subfield>
    <subfield code="w">2024-08-29</subfield>
    <subfield code="y">LIBRO</subfield>
  </datafield>
</record>
